Industrial Standrdization Sysrem in Japan

Uloženo v:
Podrobná bibliografie
Korporativní autor: Japan External Trade Organization
Médium: Kniha
Jazyk:Undetermined
Vydáno: Tokyo Jetro 1979
Témata:
Tagy: Přidat tag
Žádné tagy, Buďte první, kdo otaguje tento záznam!
Thư viện lưu trữ: Trung tâm Học liệu Trường Đại học Cần Thơ
LEADER 00537nam a2200193Ia 4500
001 CTU_97923
008 210402s9999 xx 000 0 und d
082 |a 658 
082 |b J11 
110 |a Japan External Trade Organization 
245 0 |a Industrial Standrdization Sysrem in Japan 
245 0 |c Japan External Trade Organization 
260 |a Tokyo 
260 |b Jetro 
260 |c 1979 
650 |a Industrial standardization 
650 |z Japan 
904 |i Hiếu 
980 |a Trung tâm Học liệu Trường Đại học Cần Thơ